01197nam a22001817a 450000500170000000800410001702000180005804000070007604100120008308200210009510000210011624500110013726000310014830000260017936500550020552007430026065000120100320260130092222.0220127b ||||| |||| 00| 0 eng d a9781472223821 cAL aEnglish 223a823.92bOFAH aMaggie O'Farrell aHamnet aLondonbTinder Pressc2020 a372 p.bPBc20x13 cm. a5419b₹1039.20c₹d₹1299.00e20%f25-01-2022 aWINNER OF THE WOMEN'S PRIZE FOR FICTION 2020 A thing of shimmering wonder' David Mitchell TWO EXTRAORDINARY PEOPLE. A LOVE THAT DRAWS THEM TOGETHER. A LOSS THAT THREATENS TO TEAR THEM APART. On a summer's day in 1596, a young girl in Stratford-upon-Avon takes to her bed with a sudden fever. Her twin brother, Hamnet, searches everywhere for help. Why is nobody at home? Their mother, Agnes, is over a mile away, in the garden where she grows medicinal herbs. Their father is working in London. Neither parent knows that Hamnet will not survive the week. Hamnet is a novel inspired by the son of a famous playwright: a boy whose life has been all but forgotten, but whose name was given to one of the most celebrated plays ever written.  aFiction